|
|
|
|
| LEADER |
00000cam a2200000 7i4500 |
| 001 |
0000005031 |
| 005 |
20151222.0 |
| 008 |
070801 |
| 020 |
|
|
|a 9839210688(set)
|
| 020 |
|
|
|a 9839210718
|
| 090 |
0 |
0 |
|a BIO
|b MAL
|
| 100 |
0 |
|
|a Nurul Iman Ramli
|
| 245 |
1 |
0 |
|a Perdana Menteri Malaysia kelima Dato' Seri Abdullah Haji Ahmad Badawi
|c Nurul Iman Ramli
|
| 260 |
|
|
|a Selangor :
|b Pustaka Penamas ,
|c 2006
|
| 440 |
|
|
|a Siri kegemilangan tokoh-tokoh negara
|
| 500 |
|
|
|a Children ages 10-12 years old (pink)
|
| 650 |
|
0 |
|a Biografi
|
| 650 |
|
0 |
|a Junior fiction
|x Malay
|x Languages
|
| 999 |
|
|
|a 0000915552
|b Book
|c Teenagers
|e Cawangan Bandar Tenggara
|
| 999 |
|
|
|a 0000915553
|b Book
|c Teenagers
|e Cawangan Bandar Tenggara
|
| 999 |
|
|
|a 0000979148
|b Book
|c Children Collection
|e Cawangan Batu Pahat
|
| 999 |
|
|
|a 0000979149
|b Book
|c Children Collection
|e Cawangan Segamat
|
| 999 |
|
|
|a 0000979150
|b Book
|c Children Collection
|e Perbadanan Perpustakaan Awam Johor
|
| 999 |
|
|
|a 0000979151
|b Book
|c Children Collection
|e Perbadanan Perpustakaan Awam Johor
|
| 999 |
|
|
|a 0000979152
|b Book
|c Children Collection
|e Perbadanan Perpustakaan Awam Johor
|
| 999 |
|
|
|a 0000990925
|b Book
|c Children Collection
|e Cawangan Bukit Gambir
|
| 999 |
|
|
|a 0000990927
|b Book
|c Children Collection
|e Cawangan Bandar Penawar
|
| 999 |
|
|
|a 0000990928
|b Book
|c Children Collection
|e Cawangan Tmn. Ungku Tun Aminah
|
| 999 |
|
|
|a 0001016910
|b Book
|c Teenagers
|e Cawangan Bandar Tenggara
|
| 999 |
|
|
|a 0001016911
|b Book
|c Children Collection
|e Cawangan Bandar Penawar
|
| 999 |
|
|
|a 0001016912
|b Book
|c Children Collection
|e Cawangan Taman Universiti
|
| 999 |
|
|
|a 0001990927
|b Book
|c Children Collection
|e Cawangan Bandar Penawar
|